Bienvenido a nuestro catálago, Biblioteca Universidad Monteávila

Nacimiento de una empresa (Registro nro. 13357)

Detalles MARC
000 -CABECERA
campo de control de longitud fija 02387nam a2200253 4500
003 - IDENTIFICADOR DEL NÚMERO DE CONTROL
campo de control vecauma
005 - FECHA Y HORA DE LA ÚLTIMA TRANSACCIÓN
campo de control 20260413150438.0
007 - CAMPO FIJO DE DESCRIPCIÓN FÍSICA--INFORMACIÓN GENERAL
campo de control de longitud fija ta
008 - DATOS DE LONGITUD FIJA--INFORMACIÓN GENERAL
campo de control de longitud fija 260413b ve ||||| |||| 00| 0 spa d
020 ## - ISBN
Número Internacional Estándar del Libro 9802441244
040 ## - FUENTE DE LA CATALOGACIÓN
Centro catalogador/agencia de origen vecauma
Lengua de catalogación spa
Centro/agencia transcriptor vecauma
Centro/agencia modificador vecauma
Normas de descripción rda
041 ## - CÓDIGO DE LENGUA
Código de lengua del recurso spa
100 1# - AUTOR PERSONAL
Término indicativo de función/relación autor
245 1# - MENCIÓN DE TÍTULO
Título Nacimiento de una empresa
Resto del título Que hacer antes de fundar una nueva empresa o comprar una empresa en marcha
Mención de responsabilidad, etc. / Roberto Vainrub
264 ## - PRODUCCIÓN, PUBLICACIÓN, DISTRIBUCIÓN, FABRICACIÓN Y COPYRIGHT
Producción, publicación, distribución, fabricación y copyright Caracas:
Nombre del de productor, editor, distribuidor, fabricante Universidad católica Andrés Bello;
Fecha de producción, publicación, distribución, fabricación o copyright 1996.
300 ## - DESCRIPCIÓN FÍSICA
Extensión 172 páginas.
336 ## - TIPO DE CONTENIDO
Término de tipo de contenido texto
Código de tipo de contenido txt
Fuente rdacontenido
337 ## - TIPO DE MEDIO
Nombre/término del tipo de medio no mediado
Código del tipo de medio n
Fuente rdamedio
338 ## - TIPO DE SOPORTE
Nombre/término del tipo de soporte volumen
Código del tipo de soporte nc
Fuente rdasoporte
505 0# - NOTA DE CONTENIDO CON FORMATO
Nota de contenido con formato Qué es un "plan de negocio" y para qué se utiliza /<br/>Una forma de escribir el plan /<br/>Contenido sugerido para introducción al plan /<br/>El plan de mercado /<br/>La planta /<br/>La organización /<br/>Las finanzas /<br/>Consideraciones finales /
520 3# - SUMARIO, ETC.
Sumario, etc. "Es hora que de que una obra con estas características se haya escrito; un texto que permite a los estudiantes, de un manera amigable, acercarse al complejo tema de la creación y puesta en marcha de una empresa. Esta es la síntesis de la extensa experiencia de su autor y de sus esfuerzos de traducir esas complejas tareas en clases amenas, enriquecedoras y que despierten el espíritu "entrepreneur" de los jóvenes estudiantes. Sin lugar a dudas, una importante contribución para la construcción de la Venezuela del mañana. En este texto se recopilan los temas más importantes de la Ingeniería Gerencial, agrupados en tres grandes bloques: Finanzas, Mercadeo y Organización. Ramón Magual."<br/><br/>Roberto Vainrub<br/>Profesor de la Universidad Católica Andrés Bello en la cátedra "General Industrial desde 1982. Vainrub se graduó como Ingeniero Industrial, en la UCAB, donde desempeñó cargos de representante estudiantil; posteriormente cursó estudios de post-grado en la Universidad de Stanford donde obtuvo el titulo de Magister y actualmente está cursando el Doctorado en Ingeniería. Tiene amplia experiencia laboral en el área de mercadeo, en una firma multinacional, y actualmente es Vicepresidente Ejecutivo de una importante empresa. Ha publicado diversos artículos y es coautor de la obra "Gerencia Industrial publicada por la Universidad Nacional Abierta.
942 #1 - ELEMENTOS DE ENTRADA AGREGADA (KOHA)
Fuente del sistema de clasificación o colocación Library of Congress Classification
Ocultar en OPAC No
Tipo de ítem Koha Libros
Existencias
Estado de retiro Estado de pérdida Fuente del sistema de clasificación o colocación Estado dañado No para préstamo Código de colección Localización permanente Ubicación/localización actual Ubicación en estantería Fecha de adquisición Número de inventario Total de préstamos Código de barras Fecha visto por última vez Precio válido a partir de Tipo de ítem Koha
    Library of Congress Classification     Colección general Biblioteca Universidad Monteávila Biblioteca Universidad Monteávila Colección general 13/04/2026 49892   2026-0495 13/04/2026 13/04/2026 Libros

Copyright @ UMA Library
Universidad Monteávila Caracas, Venezuela

Edif. Sede principal Universidad Monteávila. Av. El Buen Pastor. Boleíta Norte. Caracas. 
Customized by Universidad Monteávila

Con tecnología Koha